000 00442cam a2200181ua 4500
003 OSt
008 241101b |||||||| |||| 00| 0 eng d
020 _a81-7099-407-1
041 _aeng
082 _a621.47
_bSIN/EN
100 _aSurendra, Singh .
245 _aEnergy in production agriculture /
250 _a1 /
260 _a :
_bMittal Publications ,
_c1992.
300 _a166 ; .
700 1 _aMittal, J P .
_96393
942 _cBK
999 _c9578
_d9578